| LEADER |
00588nam0a2200169 450 |
| 001 |
16830747 |
| 010 |
|
|
|a 978-2-7511-0655-2
|b Br.
|
| 100 |
|
|
|a 20180926d2018 u u0frey01 ba
|
| 101 |
0 |
|
|a fre
|
| 200 |
0 |
|
|a Orchestre recyclé (L')
|e L'incroyable histoire de
|f Michel Piquemal, Lionel Le Néouanic
|
| 207 |
|
1 |
|a
|
| 210 |
|
|
|c Les incorruptibles
|d 2018
|
| 700 |
|
0 |
|a Piquemal
|b Michel
|f 1954-....
|4 70
|
| 701 |
|
0 |
|a Le Néouanic
|b Lionel
|4 440
|
| 900 |
|
|
|a Album
|
| 901 |
|
|
|a Accessible au prêt
|
| 995 |
|
|
|a Bibliothèque
|c Bibliothèque
|f 024019135
|h 024019135
|k A2 PIQ
|o p
|q j
|r az
|u CE2 CM1 2018
|e Bibliothèque
|